| 000 | 00575nam a2200229Ia 4500 | ||
|---|---|---|---|
| 008 | 210210b1956 xxu||||| |||| 00| 0 eng d | ||
| 041 | _aeng | ||
| 082 | _a333/44 | ||
| 100 | _aINDIA (Governmet of) | ||
| 245 | _aSecond five year plan: summary of draft outline | ||
| 260 |
_aDelhi _bPublication Division Ministry of Information & Broadcasting _c1956 |
||
| 650 | _ayear | ||
| 650 | _asummary | ||
| 650 | _aSecond | ||
| 650 | _aplan: | ||
| 650 | _aoutline | ||
| 650 | _aof | ||
| 650 | _afive | ||
| 650 | _adraft | ||
| 690 | _aEconomic Planning | ||
| 906 | _a004217 | ||
| 999 |
_c123667 _d123667 |
||